Statistics for Guess BTS or Seventeen Members

Click here to take the quiz!

General Stats

  • This quiz has been taken 19,364 times
    (19,340 since last reset)
  • The average score is 17 of 24

Answer Stats

HintAnswer% Correct
The 'father' of BTSRap Monster
98%
The 'mother' of BTSJin
97%
Shortest in BTSJimin
93%
BTS' MaknaeJungkook
92%
Member whose real name is YoongiSuga
89%
Tallest in BTSRap Monster
88%
Shortest in SVTWoozi
85%
The 'father' of SVTS.Coups
82%
Seventeen's MaknaeDino
80%
Member whose WINGS song was 'Mama'J-Hope
80%
Tallest in SVTMingyu
78%
Member whose real name is MinghaoThe8
76%
The 'mother' of SVTJeonghan
72%
Member whose first name is HansolVernon
70%
Member whose name sounds like a month of the yearJun
67%
BONUS: Guess my BTS biasJungkook
67%
Member that was born in California,USAJoshua
64%
Member that sang a cover of Adele's 'Someone Like You'V
63%
Member whose surname is 'Boo'Seungkwan
62%
The SVT member voted as the cleanestWonwoo
45%
BONUS: Guess my Seventeen biasJeonghan
44%
Member whose name means 'star' in EnglishHoshi
42%
SVT members that share the same birthdayDK and Vernon
34%
Auditioned for JYP with B.A.P.'s YoungjaeJ-Hope
32%

Score Distribution

Percentile by Number Answered

Percent of People with Each Score

Your Score History

You have not taken this quiz since the last reset